000 00461nam a2200169Ia 4500
003 GCL
008 140319s9999 xx 000 0 eng d
040 _aGCL /
_cGCL
082 0 4 _a938
_bP A
100 1 _aPOWELL, ANTON
245 1 0 _aATHENS AND SPARTA: A CONSTRUCTING GREEK POLITICAL AND SOCIAL HISTORY FROM 478 BC /
_cPOWELL, ANTON
260 _a[S.N] :
_bROUTLEDGE
300 _a423 P
650 0 4 _aHISTORY
650 0 4 _aGREECE - HISTORY
942 _2ddc
_cBK
999 _c13592
_d13592